Ai! Pedrito! : (Record no. 1419)

MARC details
000 -LEADER
fixed length control field 00715cam a2200241 a 4500
005 - DATE AND TIME OF LATEST TRANSACTION
control field 20260322212059.0
008 - FIXED-LENGTH DATA ELEMENTS--GENERAL INFORMATION
fixed length control field data
010 ## - LIBRARY OF CONGRESS CONTROL NUMBER
LC control number 98206656
020 ## - INTERNATIONAL STANDARD BOOK NUMBER
International Standard Book Number 1573181218
020 ## - INTERNATIONAL STANDARD BOOK NUMBER
International Standard Book Number 9781573181211
040 ## - CATALOGING SOURCE
Original cataloging agency UM
Transcribing agency UM
Modifying agency DLC
-- DLC
042 ## - AUTHENTICATION CODE
Authentication code lccopycat
050 00 - LIBRARY OF CONGRESS CALL NUMBER
Classification number PS3515.U1417
Item number A77 1998
082 00 - DEWEY DECIMAL CLASSIFICATION NUMBER
Classification number 813/.52
Edition information 21
001 - CONTROL NUMBER
control field data
100 1# - MAIN ENTRY--PERSONAL NAME
Personal name Hubbard, L. Ron
Dates associated with a name 1911-1986.
Fuller form of name (La Fayette Ron),
245 10 - TITLE STATEMENT
Title Ai! Pedrito! :
Remainder of title when intelligence goes wrong /
Statement of responsibility, etc. L. Ron Hubbard & Kevin J. Anderson.
260 ## - PUBLICATION, DISTRIBUTION, ETC.
Place of publication, distribution, etc. Los Angeles :
Name of publisher, distributor, etc. Bridge Publications,
Date of publication, distribution, etc. c1998.
300 ## - PHYSICAL DESCRIPTION
Extent x, 370 p. ;
Dimensions 25 cm.
655 #7 - INDEX TERM--GENRE/FORM
Genre/form data or focus term Autobiographical fiction.
Source of term gsafd
655 #7 - INDEX TERM--GENRE/FORM
Genre/form data or focus term Spy stories.
Source of term gsafd
700 1# - ADDED ENTRY--PERSONAL NAME
Personal name Anderson, Kevin J.,
Dates associated with a name 1962-
Holdings
Withdrawn status Lost status Damaged status Not for loan Home library Current library Shelving location Date acquired Total checkouts Full call number Barcode Date last seen Price effective from Koha item type
        Troy Troy General stacks 22/03/2026   813/.52 21 BC0011466 22/03/2026 22/03/2026 Books